On This Day: August 15th Quiz Stats

 Plays Quiz Updated Aug 15, 2017

Support Sporcle.
Go Orange.
Score 0/7 Timer 03:00
0 Plays Today
Question Answer Wrong Answers
This canal, which connects the Atlantic Ocean with the Pacific Ocean, opens to traffic with the transit of the cargo ship SS Ancon.
1914
Panama Canal
96.6%
Kiel Canal
0.7%
Corinth Canal
0.7%
Erie Canal
2%
The Jewel Voice Broadcast is made by this emperor following the effective surrender of Japan in World War II.
1945
Hirohito
88.1%
Taishō
2.4%
Akihito
5%
Meiji
1.4%
This country gains Independence from British rule after nearly 190 years, and joins the Commonwealth of Nations.
1947
India
87.1%
Lebanon
2.2%
Morocco
5.5%
Afghanistan
1.8%
This film starring Judy Garland and Margaret Hamilton premieres at Grauman's Chinese Theater in Los Angeles, California.
1939
The Wizard of Oz
86.5%
A Star Is Born
7.3%
It Happened One Night
2.5%
City Lights
1.5%
This nation moves its clock back half an hour to introduce Pyongyang Time, 8½ hours ahead of UTC.
2015
North Korea
82%
Laos
2.4%
Vietnam
6.9%
Cambodia
4.4%
This American actor and director, known for films like ‘Gone Baby Gone’ and ‘Argo’, is born.
1972
Ben Affleck
80.9%
Matt Damon
6.1%
Brad Pitt
4.7%
Ryan Gosling
4.2%
The Beatles play to nearly 60,000 fans at this New York City stadium, an event later regarded as the birth of stadium rock.
1965
Shea Stadium
68.3%
Ebbets Field
6%
Fenway Park
15.8%
Turner Field
6.1%

You're not logged in!

Compare scores with friends on all Sporcle quizzes.
OR
Log In
Forgot?

From the Vault

This Day in History: February

by History_Lover

History 7m
Why can't we just give February a couple of extra days? It'd be good for its self-esteem.
Remove Ads.
Support Sporcle.
Get the best of Sporcle when you Go Orange. This ad-free experience offers more features, more stats, and more fun while also helping to support Sporcle. Thank you for becoming a member.

Show Comments

Extras

Top Quizzes Today


Score Distribution

Your Account Isn't Verified!

In order to create a playlist on Sporcle, you need to verify the email address you used during registration. Go to your Sporcle Settings to finish the process.

Report this User

Report this user for behavior that violates our Community Guidelines.

Details: